000 00460pab a2200157 454500
008 180718b1999 xxu||||| |||| 00| 0 eng d
100 _aDatta, Soumyendra Kishore
245 _aIndustrial disparity in India: a test of convergence
260 _c1999
300 _ap.19-30
650 _aIndustrial development - India
650 _aIndustrial development
700 _aMukhopadhyay, Falguni
773 _aIndian Journal of Regional Science
909 _a41440
999 _c41440
_d41440